|
|
|
|
| LEADER |
01173nam a2200277 a 4500 |
| 008 |
100208s1995 bg 000 0 eng d |
| 999 |
|
|
|c 7364
|d 7364
|
| 020 |
|
|
|a 9844890055
|
| 040 |
|
|
|a DLC
|c DLC
|d BD-DhAAL
|
| 082 |
0 |
0 |
|a 332.71095492
|2 21
|
| 100 |
1 |
|
|a Alam, Zahirul.
|9 32844
|
| 245 |
1 |
0 |
|a Comparative study on conditions and interest rates of rural credit schemes in Bangladesh /
|c Zahirul Alam.
|
| 246 |
1 |
0 |
|a Conditions and interest rates of rural credit schemes in Bangladesh
|
| 260 |
|
|
|a Dhaka :
|b BRDB Institutional Support Project,
|c 1995.
|
| 300 |
|
|
|a vii, 104 p. ;
|c 24 cm.
|
| 490 |
1 |
|
|a Report ;
|v no.5
|
| 541 |
|
|
|e 00005391
|
| 650 |
|
0 |
|a Rural credit
|z Bangladesh.
|9 32845
|
| 650 |
|
0 |
|a Interest rates
|z Bangladesh.
|9 32846
|
| 700 |
1 |
|
|a Ahmad, Zaki.
|9 32847
|
| 700 |
1 |
|
|a Hulterstrom, Benneth.
|9 32848
|
| 710 |
2 |
|
|a BRDB Institutional Support Project.
|9 32849
|
| 830 |
|
0 |
|a Report (BRDB Institutional Support Project) ;
|v no. 30.
|9 32850
|
| 852 |
4 |
|
|a Ayesha Abed Library
|j General shelf
|
| 942 |
|
|
|2 ddc
|c BK
|
| 952 |
|
|
|0 0
|1 0
|2 ddc
|4 0
|6 339_460954920000000_ALA_1995
|7 0
|9 7858
|a BRACUL
|b BRACUL
|c GEN
|d 2010-02-08
|g 150.00
|l 0
|o 339.46095492 ALA
|p 3010005391
|r 2010-02-08
|t 1
|w 2010-02-08
|y BK
|